Nychto neznat. Chodylo divčatko. Pačit šja mi

Bibliographic Details
Main Author: Piruch, Iveta (Author)
Format: Article
Language:Ukrainian
PhysicalDescription:Noty.
Subjects:

MARC

LEADER 00000nab a2200000 a 4500
001 vtls000463952
003 SK-MaSNL
005 20260303000933.0
008 120926c1992 xo 0 ukr
015 |a SNBRB19rr/mm-uuuuu 
035 |a CL0464085 
040 |a SNKBUCL  |b slo  |c SNKBUCL  |e AACR2 
041 0 |a ukr 
044 |a xo  |c SK 
080 |a 887.5 (437)-1=875  |2 1981 
080 |a 784.4  |2 1981 
100 1 |a Piruch, Iveta  |4 aut  |9 975752 
245 1 0 |a Nychto neznat. Chodylo divčatko. Pačit šja mi  |c Iveta Piruch 
300 |b Noty. 
500 |a V rubrike Z ust narodu. Pod spoločným názvom Ljubovni pisni. 
650 0 7 |a piesne lyrické  |2 snkbucl  |9 919720 
650 0 7 |a piesne ľúbostné  |2 snkbucl  |9 959644 
655 7 |a články z novín a časopisov  |2 snkbucl  |9 267496 
655 7 |a články z odboru literárna veda a krásna literatúra  |2 snkbucl  |9 770045 
773 0 |t Družno vpered  |g Roč. 41, č. 1 (1992), s. 25 
850 |a Slovenská národná knižnica v Martine  |a MTA001 
852 |a SNK  |b KIS3GCP 
958 |a RK 
958 |a LX 
992 |a RBX 
999 |c 1560921  |d 1562851